000 00601nam a22001697a 4500
999 _c14914
_d14914
003 AR-CdUCM
008 190425b ||||| |||| 00| 0 spa d
040 _aMUNICIPALIDAD PROVINCIAL DEL CUSCO
_cBIBLIOTECA MUNICIPAL DEL CUSCO
082 _aC / 051 /
_bF879
245 _aFrente estudiantil /
260 _aCuzco :
_c1935.
300 _a66 páginas ;
_c21 cm.
440 _aFrente Estudiantil
_n01
_933887
505 _aEl pensamiento eticista -- Significación de la técnica -- Interpretación de un poncho indio -- La trágica odisea de los buscadores de oro...
942 _2ddc
_cPP
945 _awfj